[Event "Niederoesterreich Landesliga 1718"]
[Site "Austria"]
[Date "2017.10.15"]
[Round "2.4"]
[White "Mlynek, Petr"]
[Black "Wadsack, Winfried"]
[Result "1-0"]
[WhiteElo "2135"]
[BlackElo "2127"]
[PlyCount "113"]
[EventDate "2017.10.01"]
[EventType "team-tourn"]
[EventRounds "11"]
[EventCountry "AUT"]
[SourceTitle "EXT 2019"]
[Source "ChessBase"]
[SourceDate "2018.10.10"]
[SourceVersion "1"]
[SourceVersionDate "2018.10.10"]
[SourceQuality "1"]
[WhiteTeam "Zwettl"]
[BlackTeam "Amstetten"]
[WhiteTeamCountry "AUT"]
[BlackTeamCountry "AUT"]

1. d4 d5 2. c4 dxc4 3. Nf3 Nf6 4. e3 Bg4 5. Bxc4 e6 6. 0-0 a6 7. h3 Bxf3 8. Qxf3 Nc6 9. Nc3 Bd6 10. Ne4 Nxe4 11. Qxe4 Qf6 12. Bd2 Qg6 13. Qf3 Qc2 14. Bc3 Qg6 15. Rad1 0-0 16. Bd3 f5 17. e4 fxe4 18. Qxe4 Qxe4 19. Bxe4 Nd8 20. Rfe1 c6 21. Bf3 g6 22. Ba5 Re8 23. Rd3 Rc8 24. Bg4 h5 25. Bd1 Bc7 26. Bb4 Bb6 27. Bb3 Rc7 28. Bc5 Ba5 29. Re5 Kg7 30. Rde3 Rd7 31. Rg5 Kh7 32. Reg3 Bc7 33. Bc2 Bxg3 34. Bxg6+ Kh6 35. Bxe8 Kxg5 36. Bxd7 Bc7 37. g3 Kf6 38. Be8 h4 39. gxh4 b6 40. Bb4 a5 41. Bd2 Ke7 42. Bg6 Kf6 43. Be4 c5 44. Bg5+ Kg7 45. dxc5 bxc5 46. b3 Nf7 47. Kg2 Nh6 48. Kf3 Nf5 49. Bxf5 exf5 50. Be7 Bb6 51. Kf4 Kf7 52. Bd6 Ke6 53. Bb8 c4 54. bxc4 Bxf2 55. h5 Bd4 56. Kg5 a4 57. Kg6 1-0

[Event "Niederoesterreich Landesliga 1617"]
[Site "Austria"]
[Date "2017.01.29"]
[Round "6.4"]
[White "Mayer, Josef"]
[Black "Wadsack, Winfried"]
[Result "1-0"]
[WhiteElo "2092"]
[BlackElo "2158"]
[PlyCount "107"]
[EventDate "2016.10.02"]
[EventType "team-tourn"]
[EventRounds "11"]
[EventCountry "AUT"]
[SourceTitle "EXT 2018"]
[Source "ChessBase"]
[SourceDate "2017.10.13"]
[SourceVersion "1"]
[SourceVersionDate "2017.10.13"]
[SourceQuality "1"]
[WhiteTeam "Mistelbach"]
[BlackTeam "Amstetten"]
[WhiteTeamCountry "AUT"]
[BlackTeamCountry "AUT"]

1. c4 e5 2. Nc3 Nf6 3. Nf3 Nc6 4. g3 Bb4 5. Nd5 0-0 6. Bg2 d6 7. 0-0 Bf5 8. d3 h6 9. a3 Bc5 10. b4 Bd4 11. Nxd4 exd4 12. b5 Nxd5 13. Bxd5 Na5 14. Qa4 c6 15. Bf3 a6 16. b6 Qxb6 17. Bd2 Nb3 18. Rab1 Nc5 19. Rxb6 Nxa4 20. Rxb7 Rfc8 21. Bf4 Nc5 22. Rb2 Ra7 23. Bxd6 Ne6 24. Rfb1 Rd7 25. Rb8 Rxb8 26. Rxb8+ Kh7 27. c5 Nd8 28. g4 Be6 29. h3 Kg6 30. Kg2 f5 31. Kg3 Kf6 32. Ra8 fxg4 33. hxg4 a5 34. Rxa5 Nb7 35. Ra6 Nxd6 36. cxd6 Bd5 37. Bxd5 cxd5 38. f4 g6 39. Ra4 Rxd6 40. Rxd4 Ke6 41. e4 Ra6 42. f5+ gxf5 43. gxf5+ Kf6 44. Rxd5 Rxa3 45. Kf4 Ra1 46. Rd6+ Kg7 47. Ke5 h5 48. Rg6+ Kh7 49. Rg2 Kh6 50. f6 h4 51. f7 Rf1 52. Ke6 h3 53. Rg8 h2 54. f8Q+ 1-0

[Event "Niederoesterreich Landesliga 1516"]
[Site "Austria"]
[Date "2016.02.28"]
[Round "9.2"]
[White "Ganaus, Hannes"]
[Black "Wadsack, Winfried"]
[Result "0-1"]
[WhiteElo "2259"]
[BlackElo "2137"]
[PlyCount "142"]
[EventDate "2015.09.27"]
[EventType "team-tourn"]
[EventRounds "11"]
[EventCountry "AUT"]
[SourceTitle "EXT 2017"]
[Source "ChessBase"]
[SourceDate "2016.10.25"]
[SourceVersion "1"]
[SourceVersionDate "2016.10.25"]
[SourceQuality "1"]
[WhiteTeam "Baden Invest II"]
[BlackTeam "Amstetten"]
[WhiteTeamCountry "AUT"]
[BlackTeamCountry "AUT"]

1. c4 e5 2. g3 Nc6 3. Bg2 Bc5 4. Nc3 Nf6 5. d3 0-0 6. e3 d6 7. Nge2 a5 8. a3 Bg4 9. h3 Bxe2 10. Qxe2 Nd7 11. b3 f5 12. Bb2 Nf6 13. 0-0-0 Qd7 14. g4 fxg4 15. hxg4 Qxg4 16. Bd5+ Kh8 17. Bf3 Qf5 18. Ne4 Ne7 19. Rh2 h6 20. Rg1 Nxe4 21. Bxe4 Qf6 22. f4 Nf5 23. fxe5 dxe5 24. Rh3 Rae8 25. Kb1 c6 26. Rf1 Ng3 27. Rxf6 Nxe2 28. Rxf8+ Rxf8 29. Bxe5 Rf1+ 30. Kc2 Rf2 31. Kd1 Ng1 32. Rxh6+ Kg8 33. Rg6 Rf1+ 34. Kd2 Bxa3 35. Rxg7+ Kf8 36. Rg2 Bc1+ 37. Kc2 Bxe3 38. d4 Bh6 39. Bc7 Re1 40. Rf2+ Ke7 41. Bg6 Ne2 42. Be5 Nc1 43. Rf7+ Ke6 44. Rxb7 Na2 45. d5+ cxd5 46. cxd5+ Kxd5 47. Bf7+ Kc6 48. Rc7+ Kb6 49. Re7 Nb4+ 50. Kc3 Rxe5 51. Rxe5 Bg7 52. Kc4 Bxe5 53. Be8 Bh2 54. Bd7 Bg1 55. Be8 Bf2 56. Bd7 Be1 57. Be8 Nc6 58. Kd5 Ne7+ 59. Kc4 Bb4 60. Ba4 Ng6 61. Be8 Ne5+ 62. Kd5 Nf3 63. Bf7 Nd2 64. Kd4 Kc7 65. Bg8 Kd6 66. Bf7 Nf3+ 67. Ke3 Ne5 68. Bg8 Kc5 69. Ke4 Bc3 70. Be6 Kb4 71. Ke3 Nc6 0-1

[Event "Niederoesterreich Landesliga 0506"]
[Site "Austria"]
[Date "2006.04.02"]
[Round "12"]
[White "Wadsack, Winfried"]
[Black "Schmid, Thomas2222"]
[Result "0-1"]
[WhiteElo "2119"]
[BlackElo "2085"]
[PlyCount "120"]
[EventDate "2005.09.18"]
[EventType "team-tourn"]
[EventRounds "13"]
[EventCountry "AUT"]
[SourceTitle "EXT 2022"]
[Source "ChessBase"]
[SourceDate "2021.10.06"]
[SourceVersion "1"]
[SourceVersionDate "2021.10.06"]
[SourceQuality "1"]

1. e4 c5 2. c3 d5 3. exd5 Qxd5 4. d4 Nf6 5. Nf3 Bg4 6. Be2 e6 7. h3 Bh5 8. 0-0 Nc6 9. Be3 cxd4 10. cxd4 Bb4 11. a3 Ba5 12. Nc3 Qd6 13. Nb5 Qd5 14. b4 Bb6 15. Nc3 Qd6 16. Nb5 Qb8 17. Qd2 Nd5 18. Nc3 Nxc3 19. Qxc3 0-0 20. Rfe1 Rd8 21. Ne5 Nxd4 22. Bxh5 Qxe5 23. Bxd4 Bxd4 24. Qf3 Qf6 25. Ra2 g6 26. Qxf6 Bxf6 27. Bf3 Rd7 28. Rc1 Rad8 29. a4 Bg7 30. Rac2 Bh6 31. Rb1 f5 32. Re1 Kf7 33. b5 Bd2 34. Rd1 Ba5 35. Rxd7+ Rxd7 36. Be2 Rd4 37. Rc4 Rd2 38. Kf1 Bb6 39. f4 Kf6 40. Bf3 Rd7 41. Ke2 Ba5 42. g4 Rd2+ 43. Kf1 Rd7 44. Kg2 Ke7 45. Kf1 Rc7 46. Rxc7+ Bxc7 47. gxf5 gxf5 48. Bxb7 Bxf4 49. Ke2 Bc7 50. Kf3 Kf6 51. Bc6 e5 52. Bd5 e4+ 53. Ke3 Ke5 54. Bg8 h6 55. Bc4 f4+ 56. Kf2 f3 57. b6 Bxb6+ 58. Kg3 Kf5 59. Bb5 Bc7+ 60. Kf2 Kf4 0-1

[Event "Niederoesterreich Landesliga 0506"]
[Site "Austria"]
[Date "2005.12.04"]
[Round "7"]
[White "Herndlbauer, Martin"]
[Black "Wadsack, Winfried"]
[Result "1-0"]
[WhiteElo "2044"]
[BlackElo "2119"]
[PlyCount "71"]
[EventDate "2005.09.18"]
[EventType "team-tourn"]
[EventRounds "13"]
[EventCountry "AUT"]
[SourceTitle "EXT 2022"]
[Source "ChessBase"]
[SourceDate "2021.10.06"]
[SourceVersion "1"]
[SourceVersionDate "2021.10.06"]
[SourceQuality "1"]

1. e4 d5 2. exd5 Nf6 3. c4 c6 4. d4 cxd5 5. Nc3 Nc6 6. Nf3 Bg4 7. cxd5 Nxd5 8. Qb3 Bxf3 9. gxf3 Nb6 10. d5 Nd4 11. Bb5+ Nxb5 12. Qxb5+ Qd7 13. Be3 Qxb5 14. Nxb5 Kd7 15. Bxb6 axb6 16. 0-0 Ra5 17. a4 g6 18. Rfc1 Kd8 19. Rc4 Bg7 20. Rac1 Ra8 21. b3 Rb8 22. f4 Bh6 23. Kg2 Re8 24. R1c2 e6 25. d6 e5 26. Nc7 Bxf4 27. Nxe8 Kxe8 28. Rc8+ Rxc8 29. Rxc8+ Kd7 30. Rc7+ Kxd6 31. Rxf7 h5 32. Rf6+ Kc5 33. Rxg6 Bd2 34. Kf3 Bc3 35. Ke4 h4 36. Re6 1-0

[Event "Niederoesterreich Landesliga 0506"]
[Site "Austria"]
[Date "2005.10.16"]
[Round "3"]
[White "Braun, Karl Heinz"]
[Black "Wadsack, Winfried"]
[Result "0-1"]
[WhiteElo "2103"]
[BlackElo "2119"]
[PlyCount "94"]
[EventDate "2005.09.18"]
[EventType "team-tourn"]
[EventRounds "13"]
[EventCountry "AUT"]
[SourceTitle "EXT 2022"]
[Source "ChessBase"]
[SourceDate "2021.10.06"]
[SourceVersion "1"]
[SourceVersionDate "2021.10.06"]
[SourceQuality "1"]

1. e4 d5 2. exd5 Nf6 3. Nc3 Nxd5 4. Nge2 Bg4 5. f3 Bf5 6. d3 e6 7. Nxd5 Qxd5 8. Nc3 Qd4 9. Ne4 Nc6 10. c3 Qb6 11. Qb3 Be7 12. Bf4 e5 13. Qxb6 axb6 14. Be3 Be6 15. a3 Bb3 16. Be2 0-0-0 17. Rc1 f5 18. Nd2 Na5 19. f4 exf4 20. Bxf4 g5 21. Be5 Rhe8 22. d4 Bd6 23. Bxd6 Rxd6 24. Kf2 c5 25. Bb5 Red8 26. Nf3 g4 27. Nd2 Kb8 28. Rhe1 Bg8 29. Re5 cxd4 30. c4 Rf6 31. Rce1 Nc6 32. Re8 Rf8 33. Rxd8+ Rxd8 34. Kg3 Bf7 35. Kf4 Bg6 36. b4 Kc7 37. Bxc6 bxc6 38. Re5 Ra8 39. Nb3 d3 40. c5 bxc5 41. bxc5 Rxa3 42. Nd2 Kd7 43. Re1 Rc3 44. Ke3 Rxc5 45. Kxd3 f4+ 46. Ke2 Re5+ 47. Kf2 g3+ 0-1

[Event "Niederoesterreich Landesliga 0304"]
[Site "Austria"]
[Date "2003.12.14"]
[Round "6"]
[White "Zojer, Stefan"]
[Black "Wadsack, Winfried"]
[Result "1-0"]
[WhiteElo "1902"]
[BlackElo "2146"]
[PlyCount "93"]
[EventDate "2003.09.21"]
[EventType "team-tourn"]
[EventRounds "11"]
[EventCountry "AUT"]
[SourceTitle "EXT 2022"]
[Source "ChessBase"]
[SourceDate "2021.10.06"]
[SourceVersion "1"]
[SourceVersionDate "2021.10.06"]
[SourceQuality "1"]

1. d4 d5 2. c4 dxc4 3. Nf3 Nf6 4. Nc3 c6 5. a4 Bf5 6. e3 e6 7. Bxc4 Nbd7 8. 0-0 Bd6 9. h3 0-0 10. b3 Ne4 11. Bb2 Qf6 12. Qe2 Bc7 13. Rfd1 Rfd8 14. Rac1 Qh6 15. Bd3 Ndf6 16. b4 Rac8 17. Nxe4 Bxe4 18. Bxe4 Nxe4 19. Rc2 Bd6 20. b5 cxb5 21. axb5 Qh5 22. Rdc1 Rxc2 23. Rxc2 Ng5 24. Nxg5 Qxg5 25. Qc4 Qd5 26. Qd3 f5 27. f3 Bc5 28. Kh1 Qd6 29. Rd2 Bb6 30. e4 fxe4 31. Qxe4 Qd5 32. Qd3 e5 33. Qf5 exd4 34. Qd3 Qe5 35. Re2 Qd5 36. Rd2 g6 37. Rd1 Re8 38. Bc1 Qa2 39. Bd2 Qa4 40. Rc1 a6 41. bxa6 Qxa6 42. Qb3+ Kh8 43. Qf7 Qb5 44. Bh6 Qe5 45. Bg7+ Qxg7 46. Qxe8+ Qg8 47. Qe5+ 1-0

[Event "AUT-chT2O 0304"]
[Site "Austria"]
[Date "2003.10.25"]
[Round "1.6"]
[White "Prager, Manfred"]
[Black "Wadsack, Winfried"]
[Result "0-1"]
[WhiteElo "2099"]
[BlackElo "2146"]
[PlyCount "80"]
[EventDate "2003.10.25"]
[EventType "team-tourn"]
[EventRounds "11"]
[EventCountry "AUT"]
[SourceTitle "EXT 2005"]
[Source "ChessBase"]
[SourceDate "2004.11.15"]
[SourceVersion "1"]
[SourceVersionDate "2004.11.15"]
[SourceQuality "1"]
[WhiteTeam "Hietzing/Fischer SK"]
[BlackTeam "Amstetten"]
[WhiteTeamCountry "AUT"]
[BlackTeamCountry "AUT"]

1. e4 d5 2. exd5 Nf6 3. Nf3 Nxd5 4. d4 g6 5. Be2 Bg7 6. 0-0 0-0 7. c3 Nc6 8. Na3 e5 9. dxe5 Nxe5 10. Nxe5 Bxe5 11. Nc4 Bg7 12. Bf3 Be6 13. Ne3 Nxe3 14. Bxe3 c6 15. Qa4 Qc7 16. Qh4 a5 17. Bd4 Rfd8 18. Bxg7 Kxg7 19. Rfd1 Rxd1+ 20. Bxd1 Qd8 21. Qxd8 Rxd8 22. b3 Rd2 23. Kf1 Rb2 24. Ke1 Bd5 25. Kf1 b5 26. h3 Kf6 27. g3 h5 28. Be2 Rc2 29. a4 bxa4 30. c4 axb3 31. cxd5 b2 32. Re1 cxd5 33. Bd3 Rc3 34. Ke2 a4 35. Kd2 d4 36. Bb1 a3 37. Ba2 g5 38. Re4 Rc1 39. Re1 Ra1 40. Bb1 Rxb1 0-1